Normal view MARC view
  • TQM TOTAL QUALITY MANAGEMENT

Entry Topical Term

Number of records used in: 2

001 - CONTROL NUMBER

  • control field: 56599

003 - CONTROL NUMBER IDENTIFIER

  • control field: NUST

005 - DATE AND TIME OF LATEST TRANSACTION

  • control field: 20210628201734.0

008 - FIXED-LENGTH DATA ELEMENTS

  • fixed length control field: 210628|| aca||aabn | a|a d

040 ## - CATALOGING SOURCE

  • Original cataloging agency: NUST
  • Transcribing agency: NUST

150 ## - HEADING--TOPICAL TERM

  • Topical term or geographic name entry element: TQM TOTAL QUALITY MANAGEMENT

670 ## - SOURCE DATA FOUND

  • Source citation: Work cat.: (NUST): Icqi 2000 56598, Proceeding pakistan's sixth international convention on quality improvement november 14-15, 2000 implementing tqm: approaches, methodologies, tools and case studies, 2000
© 2023 Central Library, National University of Sciences and Technology. All Rights Reserved.